Online Catalogue and eLibrary

History of scientific literature of Sri Lanka (Record no. 3096)

MARC details
000 -LEADER
fixed length control field 00584nam a2200157Ia 4500
005 - DATE AND TIME OF LATEST TRANSACTION
control field 20240902052550.0
008 - FIXED-LENGTH DATA ELEMENTS--GENERAL INFORMATION
fixed length control field 240331s9999 xx 000 0 und d
020 ## - INTERNATIONAL STANDARD BOOK NUMBER
ISBN 9559362003
082 ## - DDC Classification
Item Number - Author Mark SEN
Class No. 800
100 ## - MAIN ENTRY--PERSONAL NAME
Personal name Senadhira, A
245 #0 - TITLE STATEMENT
Title History of scientific literature of Sri Lanka
260 ## - PUBLICATION, DISTRIBUTION, ETC.
Place of publication, distribution, etc. colombo
Name of publisher, distributor, etc. Foremost productions Ltd
Date of publication, distribution, etc. 1995
300 ## - PHYSICAL DESCRIPTION
Extent (e.g. Volumes, Pages etc.) xv, 180 p .,
500 ## - GENERAL NOTE
General note This book is origins and development of the biomedical literature of Sri Lanka from ancient times to 1948. It is a historical study of the evolution of published scientific information.
942 ## - Koha item type (Biblio)
Koha item type Books in Stacks (Lending)
Holdings
Lost status Damaged status Collection code Home library Current library Shelving location Date acquired Full call number Accession Number Item type
    Lending WERC Library WERC Library Social Science Cupboard 03/31/2024 800.954 SEN 5084 Books in Stacks (Lending)

© WERC Library